01686cam a22003615a 450000500170000000600180001700800410003501000150007602000150009102000240010603500230013004000280015308200220018124501280020326000580033130000570038950000230044650000280046950001290049750400400062659000170066665000300068365000620071365100100077565300230078565500210080870000280082985600810085799900150093895201270095395201270108095201170120720201124142348.0a||||fr||z| 00| 0150816t20051983njua frb 001 0 eng d a2006530753 a0131465953 a0131474448 (CD-ROM) a(OCoLC)ocm56473240 aEG-ScBUEbengcEG-ScBUE04a621.3192bNIL22210aIntroduction to PSpice manual, using ORCad release 9.2 to accompany Electric circuits /cJames W. Nilsson, Susan A. Riedel. aUpper Saddle River :bPearson/Prentice Hall,cc.2005. aix, 132 p. :bill. ;c24 cm. +e1 CD-ROM (4 3/4 in.) aIndex : p.129-132. aAppendix : p. 115-128.  aDisc contains OrCAD Lite version 9.2 to focus on dc analysis, transient analysis, and steady-state sinusoidal (ac) analysis. aInclude bibliographical reference.  adoaa moahmed 0aElectric circuits.2BUEsh 0aElectric circuit analysisxData processing.2BUEsh923388 2BUEsh bENGELCcAugust2015 vtext book9337281 aRiedel, Susan A.919762413Table of contents onlyuhttp://www.loc.gov/catdir/toc/fy0612/2006530753.html c1487d1487 00102ddc4070aMAINbMAINc1STd2006-10-19ePurchasel1m3o621.3192 NILp000002895r2025-07-15 00:00:00s2012-09-27yBB 00102ddc4070aMAINbMAINc1STd2006-10-19ePurchasel1m3o621.3192 NILp000002892r2025-07-15 00:00:00s2012-09-27yBB 00102ddc4070aMAINbMAINc1STd2015-09-10ePurchasel0o621.3192 NILp000039570r2022-08-24 00:00:00yCDVDWBB